|
|
|
|
| LEADER |
01000cam a22002417i 4500 |
| 001 |
20607174 |
| 003 |
GR-PaULI |
| 005 |
20201029133649.0 |
| 008 |
180731s2019 ctua 001 0aeng d |
| 952 |
|
|
|0 0
|1 0
|2 ddc
|4 0
|6 306_097000000000000_3_EAG
|7 0
|9 244886
|a LISP
|b LISP
|c BSC
|d 2020-10-29
|i 149766
|l 0
|o 306.097 3 EAG
|p 025000276025
|r 2023-04-21 00:00:00
|t 1
|w 2020-10-29
|y BK15
|
| 999 |
|
|
|c 147788
|d 147788
|
| 020 |
|
|
|a 9780300243147
|q
|
| 040 |
|
|
|a GR-PaULI
|b gre
|c GR-PaULI
|e AACR2
|
| 082 |
0 |
4 |
|a 306.097 3
|2 23
|
| 100 |
1 |
|
|a Eagleton, Terry,
|d 1943-
|e συγγραφέας.
|9 12435
|
| 245 |
1 |
0 |
|a Humour /
|b
|c Terry Eagleton.
|
| 260 |
|
|
|a New Haven ;
|a London :
|b Yale University Press,
|c 2019.
|
| 300 |
|
|
|a xi, 178 σ. ;
|b
|c 22 εκ.
|
| 500 |
|
|
|a
|
| 504 |
|
|
|a Περιλαμβάνει βιβλιογραφικές παραπομπές και ευρετήριο.
|
| 650 |
|
4 |
|9 176807
|a Πνεύμα και χιούμορ
|x Ιστορία και κριτική.
|
| 942 |
|
|
|2 ddc
|c BK15
|
| 998 |
|
|
|c ΜΠΟΥΡΑΣ
|d 2020-10
|